Diccionario de pedagogía G-Z / (Registro nro. 23784)

Detalles MARC
000 -LEADER
fixed length control field 00579nam a22001937a 4500
003 - CONTROL NUMBER IDENTIFIER
control field DO-CoUTE
005 - DATE AND TIME OF LATEST TRANSACTION
control field 20250120105739.0
008 - FIXED-LENGTH DATA ELEMENTS--GENERAL INFORMATION
fixed length control field 250120b dr ||||| |||| 00| 0 spa d
040 ## - CATALOGING SOURCE
Original cataloging agency DO-CoUTE
Language of cataloging spa
Transcribing agency DO-CoUTE
082 ## - DEWEY DECIMAL CLASSIFICATION NUMBER
Classification number R370.3G216
100 1# - MAIN ENTRY--PERSONAL NAME
Personal name Garcia Hoz, Víctor
Relator term autor
245 12 - TITLE STATEMENT
Title Diccionario de pedagogía G-Z /
Statement of responsibility, etc. Víctor Garcia Hoz
260 ## - PUBLICATION, DISTRIBUTION, ETC.
Place of publication, distribution, etc. Barcelona ;
Name of publisher, distributor, etc. labor,
Date of publication, distribution, etc. 1970
300 ## - PHYSICAL DESCRIPTION
Extent 902 paginas :
Dimensions 23 cm,
504 ## - BIBLIOGRAPHY, ETC. NOTE
Bibliography, etc. note Incluye referencia bibliográfica e índice.
650 #4 - SUBJECT ADDED ENTRY--TOPICAL TERM
Topical term or geographic name entry element Pedagogia
700 1# - ADDED ENTRY--PERSONAL NAME
Personal name Víctor Garcia Hoz
Relator term autor
942 ## - ADDED ENTRY ELEMENTS (KOHA)
Source of classification or shelving scheme Dewey Decimal Classification
Koha item type Libros
Existencias
Withdrawn status Lost status Source of classification or shelving scheme Damaged status Not for loan Collection code Home library Current library Shelving location Date acquired Serial Enumeration / chronology Inventory number Total Checkouts Full call number Barcode Date last seen Copy number Price effective from Koha item type
    Dewey Decimal Classification     Colección de Referencia Biblioteca UTECO Biblioteca UTECO En Estantería 01/20/2025 Tomo II 023269   R370.3G216 023269 01/20/2025 Ej.1, Tomo II 01/20/2025 Libros
    Dewey Decimal Classification     Colección de Referencia Biblioteca UTECO Biblioteca UTECO En Estantería 01/20/2025 Tomo I 023268   R370.3G216 023268 01/20/2025 Ej.1,Tomo I 01/20/2025 Libros
© 2021 Derechos Reservados UTECO - Teléfono: +1 809-585-2291 - Correo electrónico: biblioteca@uteco.edu.do​  
Código postal 43000 ​​
Dirección: Avenida Universitaria No. 100, 
Cotuí, Provincia Sánchez Ramírez, República Dominicana - RNC: 404-00059-6